[Event "SWE-chB"]
[Site "Vadso"]
[Date "2008.07.10"]
[Round "12"]
[White "Henninger, Simon"]
[Black "De Verdier, Michael Carl Adam"]
[Result "1-0"]
[WhiteElo "2080"]
[BlackElo "2225"]
[PlyCount "93"]
[EventDate "2008.06.28"]
[EventType "tourn"]
[EventRounds "13"]
[EventCountry "SWE"]
[SourceTitle "CBM 125 Extra"]
[Source "ChessBase"]
[SourceDate "2008.09.01"]
[SourceVersion "1"]
[SourceVersionDate "2008.09.01"]
[SourceQuality "1"]

1. e4 c5 2. Nc3 e6 3. Nge2 Nc6 4. d4 cxd4 5. Nxd4 d6 6. g3 Nf6 7. Bg2 a6 8. a4 Qc7 9. Nb3 Be7 10. 0-0 0-0 11. a5 Ne5 12. Qe2 Bd7 13. Rd1 Rac8 14. h3 Nc4 15. Rd4 Ne8 16. Bf1 Bb5 17. Nxb5 axb5 18. c3 Nf6 19. Nd2 e5 20. Rxc4 bxc4 21. Nxc4 Qc6 22. Bg5 Ra8 23. Nb6 Rxa5 24. Rxa5 Qxb6 25. Rb5 Qc6 26. Qc2 h6 27. Bxf6 Bxf6 28. Qa4 Rc8 29. Qb4 Rc7 30. Rb6 Qd7 31. Qb3 Be7 32. Kg2 Qc8 33. Be2 Bf8 34. Bg4 Qa8 35. Qb5 Qb8 36. Bd1 Rc5 37. Qb3 Rc7 38. Qd5 Qa7 39. Rb4 b6 40. Bb3 Rc5 41. Qd1 Qa5 42. Bd5 b5 43. Qb3 Qa7 44. Rxb5 Rxb5 45. Qxb5 Qc7 46. Qe8 Qe7 47. Qc8 1-0